[Event "Osijek op 10th"]
[Site "Osijek"]
[Date "2017.02.24"]
[Round "4"]
[White "Dragicevic, Ivica"]
[Black "Mutapcic, Ilija"]
[Result "0-1"]
[WhiteElo "1655"]
[BlackElo "1817"]
[PlyCount "86"]
[EventDate "2017.02.23"]
[EventType "swiss"]
[EventRounds "7"]
[EventCountry "CRO"]
[SourceTitle "EXT 2019"]
[Source "ChessBase"]
[SourceDate "2018.10.10"]
[SourceVersion "1"]
[SourceVersionDate "2018.10.10"]
[SourceQuality "1"]

1. Nf3 Nf6 2. c4 d5 3. cxd5 Nxd5 4. Nc3 e6 5. e4 Nxc3 6. bxc3 Be7 7. d4 0-0 8. Be2 b6 9. 0-0 Bb7 10. Qc2 Nd7 11. a4 a5 12. Rd1 Rc8 13. Be3 h6 14. c4 Bg5 15. Nxg5 hxg5 16. f3 Qe7 17. Qd2 f6 18. d5 exd5 19. cxd5 Qd6 20. Rac1 Rfe8 21. Bf2 Kf7 22. Bb5 Re7 23. Rc2 Ne5 24. Rdc1 Ng6 25. Be3 g4 26. Qf2 Rh8 27. Qg3 Ne5 28. Bf4 gxf3 29. gxf3 Rh5 30. h4 Qd8 31. Rg2 g5 32. Kf2 Qh8 33. Bxe5 fxe5 34. hxg5 Kg6 35. Rcg1 Rf7 36. Qg4 Bc8 37. Qxh5+ Qxh5 38. Be8 Qxf3+ 39. Ke1 Qxe4+ 40. Kd2 Qxd5+ 41. Kc1 Bf5 42. Bxf7+ Qxf7 43. Kb2 Qc4 0-1